00835nam a2200241Ia 4500008004100000020001800041050001600059050001800075100002500093245003300118245006800151250001500219260001700234260002600251260000900277300001600286300002000302300001100322500005100333650006500384999001900449952012500468160418s9999 xx 000 0 und d a971-574-067-7 aFIL PE 1112 b.V55 2003 c.2 aVillanueva, Perla M. aWriting skills for college / cPerla M. Villanueva, Dolores C. Acurantes, Roberta C. Aranzaso. a2ndEdition aQuezon City: bKatha Pub. Co., Inc., c2003 a217 pages : billustrations ; c25 cm. aIncludes bibliographical references and index. aEnglish language -- Rhetoric -- Study and teaching (Higher). c293476d293476 001040aSMCbSMCcFILd2005-03-07g180.00l0oFIL PE 1112 .V55 2003 c.2pSMC00334r2016-04-18 00:00:00w2016-04-18yBK